ბათუმის შოთა რუსთაველის სახელმწიფო უნივერსიტეტის ბიბლიოთეკა

Clinical Neuroanatomy : (ბიბ.ჩანაწერი № 53923)

000 -LEADER
fixed length control field 00867nam a2200265Ia 4500
001 - CONTROL NUMBER
control field 20974
003 - CONTROL NUMBER IDENTIFIER
control field GE_BSU
005 - DATE AND TIME OF LATEST TRANSACTION
control field 20210702153345.0
008 - FIXED-LENGTH DATA ELEMENTS--GENERAL INFORMATION
fixed length control field 181216s2001||||enk|||||||||||||| ||eng||
020 ## - INTERNATIONAL STANDARD BOOK NUMBER
International Standard Book Number 9780781729895
040 ## - CATALOGING SOURCE
Transcribing agency GE_BSU
080 ## - UNIVERSAL DECIMAL CLASSIFICATION NUMBER
Universal Decimal Classification number 616.8 S-69
100 ## - MAIN ENTRY--PERSONAL NAME
Personal name Snell, Richard S.
9 (RLIN) 10310
245 ## - TITLE STATEMENT
Title Clinical Neuroanatomy :
Remainder of title AReview with Questions and Explanations /
Statement of responsibility, etc. Richard S. Snell ; Editor Rob anthony.
250 ## - EDITION STATEMENT
Edition statement 3rd Edition
264 ## - PRODUCTION, PUBLICATION, DISTRIBUTION, MANUFACTURE, AND COPYRIGHT NOTICE
Place of production, publication, distribution, manufacture Philadelpia :
Name of producer, publisher, distributor, manufacturer Lippincott Williams & Wilkins,
Date of production, publication, distribution, manufacture, or copyright notice 2001.
300 ## - PHYSICAL DESCRIPTION
Extent 256 p. ;
Dimensions 27cm.
653 ## - INDEX TERM--UNCONTROLLED
keyword Clinical Neuroanatomy
653 ## - INDEX TERM--UNCONTROLLED
keyword Клиническая нейроанатомия
653 ## - INDEX TERM--UNCONTROLLED
keyword კლინიკური ნეიროანატომია
653 ## - INDEX TERM--UNCONTROLLED
keyword მედიცინა
700 ## - ADDED ENTRY--PERSONAL NAME
Personal name anthony, Rob
Relator term Editor
9 (RLIN) 12175
942 ## - ADDED ENTRY ELEMENTS (KOHA)
Koha item type წიგნი
Source of classification or shelving scheme
ეგზემპლარები
Withdrawn status Lost status Source of classification or shelving scheme Damaged status Not for loan Permanent Location Current Location Shelving location Date acquired Cost, normal purchase price Full call number Barcode Date last seen Copy number Price effective from Koha item type Public note
          ბათუმის შოთა რუსთაველის სახელმწიფო უნივერსიტეტის მთავარი ბიბლიოთეკა ბათუმის შოთა რუსთაველის სახელმწიფო უნივერსიტეტის მთავარი ბიბლიოთეკა წიგნსაცავი 2018-12-17 102.00 616.8 S-69 54659 2018-12-17 54659 2018-12-17 წიგნი 102.00 GEL.